000 00520nmm a2200169Ia 4500
008 251105s9999||||xx |||||||||||||||||und||
020 _a9788497427814
041 _aspa
100 _aBovet, Pierre
245 0 _aEl instinto luchador. :
_b Psicología-educación.
264 _a[Madrid, España] :
_bBiblioteca Nueva,
_c2007
300 _a290 páginas
490 _aMemoria y crítica de la educación: Serie Clásicos
650 _aPsychology
856 _uhttps://public.digitaliapublishing.com/a/87
942 _cCF
999 _c90375
_d90375